000 01174nam a22003017a 4500
001 4436
003 FISKH
005 20250207155642.0
008 240909b cb ||||| |||| 00| 0 eng d
020 _a0439230217
040 _aFISKH
_beng
_cFISKH
_dFISKH
050 _aPZ7.D2193
082 _2823.914
100 _aM. Baglio, Ben
_d1960-
245 _aDolphin in the deep /
_cBen M.Baglio Illustrations by Jenny Gregory Cover illustration by Mary Ann lasher
250 _aFirst Printing 2001
260 _aLondon :
_bScholastic,
_c2001.
300 _a130 pages :
_billustrations ;
_c20cm.
505 _aN
520 _aMandy's been spending most of her Florida vacation at the local animal park, playing with two tame dolphins, Bob and Bing. The dolphins are happy performing together, but when Bob dies, Bing seems lonely and depressed. Mandy and her friend, Joel, worry about Bing's future. They come up with a daring plan to set him free.
521 8 _a570L
_bLexile
521 8 _aN
_bRaz-plus
650 _2Animals
_aChildrens
_vFiction
650 _2Animal Fiction
700 _aGregory, Jenny
_dIllustrator
942 _2ddc
_cBK
_n0
999 _c4436
_d4436